Estonia

Titel: Estonia : a modern history / Neil Taylor
Verfasser:
Ausgabe: Third edition
Veröffentlicht: London : Hurst&Company, 2025
Umfang: xvi, 271 Seiten : Illustrationen, Karten
Format: Buch
Sprache: Englisch
Schlagworte:
ISBN: 9781805263159
Buchumschlag
X
alg: 53482279
001A    $03004:06-11-25 
001B    $03004:02-02-26 $t15:04:01.000 
001D    $03004:02-02-26 
001U    $0utf8 
001X    $00 
002@    $0Aau 
002C    $aText $btxt $2rdacontent 
002D    $aohne Hilfsmittel zu benutzen $bn $2rdamedia 
002E    $aBand $bnc $2rdacarrier 
003@    $0534822797 
004A    $A978-1-80526-315-9 
007A    $0534822797 $aHEB 
010@    $aeng 
010E    $erda 
011@    $a2025 $n2025 
021A    $aEstonia $da modern history $hNeil Taylor 
028A    $8Taylor, Neil$Z1948- [Tp3] $9450877698 
032@    $aThird edition 
033A    $pLondon $nHurst&Company 
034D    $axvi, 271 Seiten 
034M    $aIllustrationen, Karten 
037A    $aLiteraturverzeichnis Seite 231-237 
044K    $RGouvernement Estland $REstnische Sozialistische Sowjetrepublik $#Estland $#Estland $#Estland $#Estland (vor 1940) $#Republik Estland $#Estnische Republik $#Eesti $#Eesti Vabariik $#EV $#Estonia $#Republic of Estonia $#Estonie $#Ėstonskaja Respublika $74015587-0 $8Estland [Tg1] $9085035777 
045F    $a900.947980904 $eDDC23BSB 
045F/01 $a900 
045F/03 $f0904 
045F/03 $g4798 
045G    $a909 $eDDC23BSB 
045G/01 $a909 
045G/03 $f0904 
045G/03 $g4798 
045R    $aGeschichte 1918-2025 

lok: 53482279 24

exp: 53482279 24 1 #EPN
201B/01 $002-02-26 $t15:03:13.000 
201C/01 $006-11-25 
201U/01 $0utf8 
203@/01 $01321554605 
208@/01 $a02-02-26 $bz 
209A/01 $a25.07348 $du $f050 $h25 07348 $x00 
209C/01 $a25.07348 K $h25 07348 K 
209G/01 $a74862640 $x00 
220C/01 $acer 
247C/01 $8358050-7 Marburg, Bibliothek des Herder-Instituts Marburg $9102600961
LEADER 00000cam a2200000 c 4500
001 534822797
003 DE-603
005 20260202150401.0
007 tu
008 251106s2025 xx |||| | u00||u|eng c
020 |a 9781805263159 
035 |a (DE-599)HEB534822797 
040 |a DE-603  |b ger  |c DE-603  |d DE-603  |e rda 
041 |a eng 
082 0 4 |8 1\u  |a 900.947980904  |q DE-101  |2 23/BSB 
083 0 |8 2\u  |a 909  |q DE-101  |2 23/BSB 
085 |8 1\u  |b 900 
085 |8 1\u  |z 1  |s 0904 
085 |8 1\u  |z 2  |s 4798 
085 |8 2\u  |b 909 
085 |8 2\u  |z 1  |s 0904 
085 |8 2\u  |z 2  |s 4798 
100 1 |a Taylor, Neil  |d 1948-  |0 (DE-603)450877698  |0 (DE-588)1190838842  |2 gnd 
245 0 0 |a Estonia  |b a modern history  |c Neil Taylor 
250 |a Third edition 
264 1 |a London  |b Hurst&Company  |c 2025 
300 |a xvi, 271 Seiten  |b Illustrationen, Karten 
336 |a Text  |b txt  |2 rdacontent 
337 |a ohne Hilfsmittel zu benutzen  |b n  |2 rdamedia 
338 |a Band  |b nc  |2 rdacarrier 
500 |a Literaturverzeichnis Seite 231-237 
648 7 |a Geschichte 1918-2025  |2 gnd 
651 7 |a Estland  |0 (DE-588)4015587-0  |0 (DE-603)085035777  |2 gnd 
924 0 |9 Mb 50  |a (DE-603)1321554605  |b DE-Mb50  |c HES  |d c  |g 25.07348